| Tag |
First Indicator |
Second Indicator |
Subfields |
| LEADER |
00000cam a2200000Ii 4500 |
| 001 |
in00004057521 |
| 005 |
20190206121403.0 |
| 008 |
171018s2019 enkab b 001 0 eng d |
| 035 |
|
|
|a (OCoLC)on1081357395
|
| 040 |
|
|
|a YDX
|e rda
|c YDX
|d ZYU
|d BWK
|
| 020 |
|
|
|a 9781474275200
|q hardback
|
| 020 |
|
|
|a 1474275206
|q hardback
|
| 020 |
|
|
|a 9781474275194
|q paperback
|
| 020 |
|
|
|a 1474275192
|q paperback
|
| 043 |
|
|
|a e------
|
| 050 |
|
4 |
|a D359
|b .R44 2019
|
| 082 |
0 |
|
|a 320.5409409
|2 23
|
| 049 |
|
|
|a TXAM
|
| 245 |
0 |
0 |
|a Regionalism and modern Europe :
|b identity construction and movements from 1890 to the present day /
|c edited by Xosé M. Núñez Seixas and Eric Storm.
|
| 264 |
|
1 |
|a London ;
|a New York :
|b Bloomsbury Academic,
|c 2019.
|
| 300 |
|
|
|a xi, 365 pages :
|b illustrations, maps ;
|c 24 cm.
|
| 336 |
|
|
|a text
|b txt
|2 rdacontent
|
| 337 |
|
|
|a unmediated
|b n
|2 rdamedia
|
| 338 |
|
|
|a volume
|b nc
|2 rdacarrier
|
| 504 |
|
|
|a Includes bibliographical references and index.
|
| 650 |
|
0 |
|a Regionalism
|z Europe
|x History.
|
| 650 |
|
0 |
|a Nation-building
|z Europe
|x History.
|
| 650 |
|
0 |
|a Group identity
|z Europe.
|
| 700 |
1 |
|
|a Núñez Seixas, Xosé M.
|q (Xosé Manoel),
|d 1966-
|e editor.
|
| 700 |
1 |
|
|a Storm, Eric,
|d 1966-
|e editor.
|
| 945 |
|
|
|b 882951
|
| 947 |
|
|
|a A14850572976
|
| 948 |
|
|
|a cataloged
|b h
|c 2019/2/6
|d c
|e dmitchel
|f 12:12:12 pm
|
| 994 |
|
|
|a 92
|b TXA
|
| 999 |
f |
f |
|s 677f4295-7151-3eb1-84b0-cbf4394445f6
|i eebbf7aa-4753-3995-b8d0-c8174dc10214
|t 0
|
| 952 |
f |
f |
|p normal
|a Texas A&M University
|b College Station
|c Sterling C. Evans Library
|d Evans: Library Stacks
|t 0
|e D359 .R44 2019
|h Library of Congress classification
|i unmediated -- volume
|m A14850572976
|
| 998 |
f |
f |
|a D359 .R44 2019
|t 0
|l Evans: Library Stacks
|